| 000 | 01185nam a2200301 i 4500 | ||
|---|---|---|---|
| 001 | 98736 | ||
| 003 | ES-MaACL | ||
| 005 | 20250624062918.0 | ||
| 007 | t| | ||
| 008 | 051021s1966 sp ||||1| spa d | ||
| 080 | _a75 Mercadé, Jordi (083.82) | ||
| 100 | 1 |
_aMercadé, Jordi ( _d1923-2005) _980418 |
|
| 245 | 1 | 0 |
_aJordi _b: [exposición, Sala de Santa Catalina del Ateneo de Madrid, abril de 1966] / _c[Textos: Rafael Manzano, Carlos Areán]. |
| 260 |
_a[Madrid] : _bPublicaciones Españolas, _c[1966] |
||
| 300 |
_a[22] p. : _bil. ; _c28 cm. |
||
| 490 | 1 |
_aCuadernos de arte. Colección ordinaria ; _v220 |
|
| 600 | 1 | 4 |
_aMercadé, Jordi ( _d1923-2005)- _vExposiciones. _980419 |
| 610 | 2 | 7 |
_aAteneo de Madrid- _vExposiciones- _y1960-1969. _91920 |
| 655 | 7 |
_2tgfbne _9193628 _aCatálogos de exposiciones |
|
| 700 | 1 |
_aManzano, Rafael. _976222 |
|
| 700 | 1 |
_aAreán, Carlos, _d1921-1996 _922562 |
|
| 710 | 2 |
_aAteneo de Madrid. _bSala de Santa Catalina. _91964 |
|
| 830 | 0 |
_aCuadernos de arte. Colección ordinaria _v220 _9180064 |
|
| 852 |
_aES-MaACL _j2196-F-20 _bR.136210 _9102411 |
||
| 852 |
_aES-MaACL _jG-13304(7) _9102410 |
||
| 942 | _2udc | ||
| 999 |
_c98736 _d98736 |
||